[Event "Magdeburg op-B"]
[Site "Magdeburg"]
[Date "2014.06.13"]
[Round "8"]
[White "Kleine, Jakob"]
[Black "Gutschenreiter, Donato"]
[Result "0-1"]
[WhiteElo "1198"]
[BlackElo "1362"]
[PlyCount "76"]
[EventDate "2014.06.08"]
[EventType "swiss"]
[EventRounds "9"]
[EventCountry "GER"]
[SourceTitle "CBM 160 Extra"]
[Source "ChessBase"]
[SourceDate "2014.07.01"]
[SourceVersion "1"]
[SourceVersionDate "2014.07.01"]
[SourceQuality "1"]

1. e4 e6 2. d4 d5 3. exd5 exd5 4. Bd3 Bd6 5. Nf3 Ne7 6. h3 Nbc6 7. 0-0 h6 8. Nc3 Be6 9. Be3 a6 10. Qd2 Qd7 11. a3 0-0-0 12. Rfb1 g5 13. Ne5 Nxe5 14. dxe5 Bxe5 15. Qe2 d4 16. Bd2 dxc3 17. bxc3 Qd6 18. Be4 Bd5 19. Qg4+ f5 20. Bxf5+ Nxf5 21. Qxf5+ Be6 22. Qe4 Qd5 23. Qb4 Bd6 24. Qb3 Qxb3 25. cxb3 Bxa3 26. Bxg5 hxg5 27. Rxa3 Rhe8 28. Ra5 Rd5 29. Ra2 Red8 30. Kh2 Rd2 31. Ra5 R8d5 32. Rxd5 Bxd5 33. Kg1 b5 34. Ra1 Kb7 35. b4 Rc2 36. Ra3 Kb6 37. g3 Rc1+ 38. Kh2 Rh1# 0-1